Statistiken für Größte deutsche Städte nach Buchstaben!

Klicken Sie hier um das Quiz zu spielen!

Allgemein

  • Dieses Quiz wurde 1.167 mal gespielt
    (1.004 seit der letzten Aktualisierung)
  • Das Durchschnittsergebnis liegt bei 19 aus 25

Antwortstatistiken

HintAntwort% Korrekt
BBerlin
99%
MMünchen
97%
DDüsseldorf
97%
FFrankfurt am Main
97%
HHamburg
97%
KKöln
95%
EEssen
95%
SStuttgart
92%
NNürnberg
90%
CChemnitz
89%
AAugsburg
87%
JJena
84%
LLeipzig
81%
UUlm
78%
PPotsdam
75%
IIngolstadt
74%
XXanten
71%
ZZwickau
64%
WWuppertal
63%
GGelsenkirchen
62%
QQuedlinburg
55%
TTrier
55%
RRostock
53%
OOberhausen
52%
VVillingen-Schwenningen
30%

Verteilung der Resultate

Perzentil nach korrekt beantworteten Fragen

Anzahl Personen mit jedem Resultat

Ihre Resultats-Entwicklung

Sie haben dieses Quiz seit der letzten Aktualisierung nicht gespielt